Marching band instruments - Statistics

General Stats
  • This quiz has been taken 971 times
    254 since last reset
  • The average score is 14 of 25
Answer Stats
Section Answer % Correct
Woodwinds Flute
97%
Woodwinds Clarinet
93%
Brass Trumpet
93%
Brass Sousaphone
89%
Brass Trombone
88%
Drumline Snare drum
85%
Brass Mellophone
82%
Drumline Bass drum
80%
Woodwinds Piccolo
71%
Drumline Cymbals
62%
Woodwinds Alto saxophone
57%
Brass Baritone
55%
Woodwinds Tenor saxophone
54%
Front ensemble Xylophone
48%
Woodwinds Baritone saxophone
44%
Woodwinds Bass clarinet
39%
Front ensemble Glockenspiel/Bells
36%
Front ensemble Marimba
33%
Drumline Tenor drums
32%
Front ensemble Timpani
29%
Front ensemble Synthesizer
26%
Front ensemble Auxiliary
20%
Front ensemble Vibraphone
19%
Brass Bass trombone
16%
Front ensemble Drum set
14%
No matching quizzes found
Score Distribution
Percent of People with Each Score
Percentile by Number Answered
Your Score History
You have not taken this quiz since the last reset